Visualizzazione normale
Vista MARC
- Morante M.
di Personal Name
Records bibliografici associati: 1
001 - CONTROL NUMBER
- control field: 25167
003 - CONTROL NUMBER IDENTIFIER
- control field: IT-RoPau
005 - DATE AND TIME OF LATEST TRANSACTION
- control field: 20140515214919.0
008 - FIXED-LENGTH DATA ELEMENTS
- fixed length control field: 140515|| aca||aabn | a|a d
040 ## - CATALOGING SOURCE
- Original cataloging agency: IT-RoPau
- Transcribing agency: IT-RoPau
100 ## - HEADING--PERSONAL NAME
- Personal name: Morante M.
- Dates associated with a name: Codice autore testo/musica SPICS: 16453
- Relator term: Autore testo/musica
- Name of part/section of a work: Tenebre (Reprise)
670 ## - SOURCE DATA FOUND
- Source citation: Work cat.: (IT-RoPau)99863: AA.VV. 794, Argento vivo 2 (Lp Tmdf 33.185)